Campos eléctricos entre placas /

Guardat en:
Dades bibliogràfiques
Autor principal: Boniface, Michele (prod.)
Altres autors: Leung, Sylvia (dirección) (dirección)
Format: Diapositiva
Idioma:espanyol
Publicat: Canadá : Alberta Education, 1996, c1996
México : Películas EBESA [distribución], fecha no identificada
Col·lecció:(Física: Un Mundo en Movimiento. Campos Eléctricos ; 4.3)
Matèries:
Etiquetes: Afegir etiqueta
Sense etiquetes, Sigues el primer a etiquetar aquest registre!

MARC

LEADER 00000ngm^a2200000^a^4500
001 000148182
005 20250521000000.0
009 20260310100012.997
037 |a Acervo ITESO - Biblioteca 
041 |a ESP 
082 |a 530.  |b FIS V. 15 
100 |a Boniface, Michele  |e (prod.) 
240 1 1 |a [Física: un mundo en movimiento] 
240 1 1 |a [Física: un mundo en movimiento: campos eléctricos] 
245 1 0 |a Campos eléctricos entre placas /  |c Prod. de M. Boniface ; dir. de S. Leung. 
264 4 |a Canadá :  |b Alberta Education,  |c 1996, c1996 
264 4 |a México :  |b Películas EBESA [distribución],  |c fecha no identificada 
300 |a 1 videocasete VHS  |c (29 min.) 
336 |a imagen móvil bidimensional  |b tdi  |2 rdacontenido 
337 |a video  |b v  |2 rdamedio 
338 |a videocasete  |b vf  |2 rdasoporte 
440 1 |a (Física: Un Mundo en Movimiento.  |p Campos Eléctricos ;  |v 4.3) 
500 |a Traducción de: Electrics Fields Between Plates 
500 |a Traducción de: Physics: A World in Motion. Electric Fields 
546 |a Doblaje al español 
649 |a XX 
650 |a Campos Eléctricos 
650 |a Densidad Eléctrica 
650 |a Electricidad 
650 |a Física 
700 |a Leung, Sylvia  |e (dirección) 
910 |a Fondo General 
920 |a Audiovisuales - Videocasetes 
905 |a 301 
901 |a 0500072741  |b IT2  |c VIS  |u 20250521 
902 |a https://opac.biblio.iteso.mx/vufind/Record/000148182